| 000 | 00905cam a22002893a 4500 | ||
|---|---|---|---|
| 001 | 20218 | ||
| 003 | PGUSA | ||
| 005 | 20140828083428.0 | ||
| 008 | 061229s2006||||xxu|||||s|||||000 | eng d | ||
| 040 |
_aPGUSA _beng |
||
| 042 | _adc | ||
| 050 | 4 | _aF3401 | |
| 100 | 1 | _aSarmiento de Gamboa, Pedro | |
| 245 | 1 | 0 |
_aHistory of the Incas _h[electronic resource] / _cPedro Sarmiento de Gamboa |
| 260 |
_bProject Gutenberg, _c2006 |
||
| 506 | _aPublic domain in the USA. | ||
| 516 | _aElectronic text | ||
| 653 | _aPeru -- History -- Bibliography | ||
| 653 | _aTupac Amaru, Inca, d. 1571 | ||
| 653 | _aIndians of South America -- Peru -- History | ||
| 653 | _aPeru -- History -- To 1548 | ||
| 653 | _aIncas -- History | ||
| 700 | 1 |
_aMarkham, Clements R., _cSir _q(Clements Robert), _d1830-1916 |
|
| 830 | 0 |
_aProject Gutenberg _v20218 |
|
| 856 | 4 | 0 | _uhttp://www.gutenberg.org/ebooks/20218 |
| 942 | _cEB | ||
| 999 |
_c249473 _d249473 |
||